| 000 | 00982nam a22004090a 4500 | ||
|---|---|---|---|
| 001 | PT45408 | ||
| 003 | AR-LpoUNG | ||
| 005 | 20210131231051.0 | ||
| 008 | 191001s2009||||ag |||||||||||||||||spa d | ||
| 020 |
_a9789875034990 _c$12.85 |
||
| 040 |
_aAR-LpoUNG _bspa _cAR-LpoUNG _eaacr |
||
| 041 | _aspa | ||
| 044 | _aag | ||
| 082 | 0 | _a982.064 357reb | |
| 100 | 1 | _aBayer, Osvaldo | |
| 245 | 1 | 0 |
_aRebeldía y esperanza : _bdocumentos |
| 250 | _a1§ ed. | ||
| 260 |
_aBuenos Aires : _bPágina 12, _c2009. |
||
| 300 |
_a366 p. : _bil. |
||
| 650 | 4 | _aALEMANIA | |
| 650 | 4 | _aANALISIS HISTORICO | |
| 650 | 4 | _aARGENTINA | |
| 650 | 4 | _aARGENTINA | |
| 650 | 4 | _aASPECTOS POLITICOS | |
| 650 | 4 | _aCENSURA | |
| 650 | 4 | _aEUROPA | |
| 650 | 4 | _aGOBIERNO MILITAR | |
| 650 | 4 | _aHISTORIA | |
| 650 | 4 | _aINTELECTUALES | |
| 650 | 4 | _aJUSTICIA | |
| 650 | 4 | _aVIOLENCIA | |
| 651 | 4 | _aArgentina | |
| 653 | _aEXILIO | ||
| 653 | _aMEMORIA COLECTIVA | ||
| 905 | _a45408 | ||
| 942 | _cLIB | ||
| 999 |
_c7821 _d7821 |
||